Cours de composition musicale
Guardat en:
| Autor principal: | |
|---|---|
| Format: | Llibre |
| Idioma: | francès |
| Publicat: |
París
A. Durand
1912
|
| Edició: | 5a. ed |
| Matèries: | |
| Etiquetes: |
Afegir etiqueta
Sense etiquetes, Sigues el primer a etiquetar aquest registre!
|
MARC
| LEADER | 00000nam a2200000 a 4500 | ||
|---|---|---|---|
| 001 | UCN2675 | ||
| 003 | CL-VaPUC | ||
| 005 | 20220913074541.0 | ||
| 008 | 010531e19120000FR |||||||||||||||||fre|d | ||
| 999 | |c 295731 |d 295729 | ||
| 040 | |c Pontificia Universidad Católica de Valparaíso | ||
| 082 | 0 | 4 | |a 781.307 |b IND |2 21 |
| 100 | |a Indy, Vincent d' |e author |9 857993 | ||
| 245 | 1 | 0 | |a Cours de composition musicale |
| 250 | |a 5a. ed | ||
| 260 | |a París |b A. Durand |c 1912 | ||
| 300 | |a v | ||
| 583 | |a last modification |c 20010531 00:00:00 |k Rodrigo Vera | ||
| 650 | 0 | |a Composición musical |9 306660 | |
| 650 | 0 | |a Formas musicales |9 306416 | |
| 650 | 0 | |a Música estudio e instrucción |9 306355 | |
| 650 | 0 | |a Teoría musical |9 265760 | |
| 852 | |a BIBCUR | ||
| 942 | |c BK |2 ddc | ||
| 945 | |d 20010531 00:00:00 |a crobeson | ||
| 952 | |0 0 |1 0 |4 0 |6 781_307000000000000_IND_1912 |7 0 |8 A |9 349053 |a BIBEDU |b BIBEDU |d 2019-11-20 |h v.1 |i 1185128 |o 781.307 IND 1912 |p 1185128 |r 2023-01-12 |w 2019-11-20 |y BK |k MUS | ||
| 952 | |0 0 |1 0 |4 0 |6 781_307000000000000_IND_1912 |7 0 |8 A |9 349054 |a BIBEDU |b BIBEDU |d 2019-11-20 |h v.2 p.1 |i 1185136 |o 781.307 IND 1912 |p 1185136 |r 2023-01-12 |w 2019-11-20 |y BK |k MUS | ||